| 000 | 01127aam a2200361 4500 | ||
|---|---|---|---|
| 005 | 20241129181309.0 | ||
| 008 | 150721b xxu||||| |||| 00| 0 spa d | ||
| 041 | _aEspañol | ||
| 082 | _a658.312.404 P144c2 | ||
| 100 |
_aPain, Abraham _915099 |
||
| 245 | _aCómo evaluar las acciones de capacitación: guía práctica para la reflexión y la acción | ||
| 250 | _a2 edición | ||
| 260 | _aArgentina | ||
| 260 | _bGranica | ||
| 260 | _c2011 | ||
| 300 | _a171 páginas | ||
| 650 | _aCAPACITACIÓN DE PERSONAL | ||
| 650 | _aRESPONSABLES DE LA CAPACITACIÓN | ||
| 650 | _aEVALUACIÓN DE LAS ACCIONES DE CAPACITACIÓN | ||
| 650 | _aTIPOS DE EVALIUACI´ÓN | ||
| 650 | _aCAPACITACIÓN LABORAL | ||
| 650 | _aQUE SE QUIERE EVALUAR EN UNA CAPACITACIÓN | ||
| 650 | _aCRITERIOS DE EVALUACIÓN | ||
| 650 | _aINSTRUMENTOS PARA EVALUAR UNA CAPACITACIÓN | ||
| 650 | _aEL DIÁLOGO | ||
| 650 | _aETAPAS DEL PROCESO DE EVALUACIÓN | ||
| 650 | _aCALIDAD | ||
| 650 | _aENSEÑANZAS OBTENIDAS | ||
| 650 | _aORGANIZAR LA EVALUACIÓN | ||
| 650 | _aRESULTADOS OBTENIDOS | ||
| 942 |
_cBK _2ddc |
||
| 999 |
_c11159 _d11159 |
||